000 00755pab a2200157 454500
008 180718b2004 xxu||||| |||| 00| 0 eng d
100 _aGodwin S.K.
245 _aMedical tourism: subsisdising the rich
260 _c2004
300 _ap.3981-983.
362 _a4 Sep
520 _aIn the heavily dualistic system of healthcare existing in India with inadequate and inefficient public health services on the one hand and a corporatised medical system using high-end medical technology and state-of-the-art infrastructure on the other, the promotion of medical tourism will accentuate the divide between the haves and the have-nots in healthcare. - Reproduced.
650 _aHealth services
773 _aEconomic and Political Weekly
909 _a62320
999 _c62320
_d62320